00382nam a2200157Ia 450000500170000000800410001702000060005808200130006410000160007724500260009326000410011930000130016065000160017365000180018965000170020720250317172648.0240331s9999 xx 000 0 und d a  bJEYa894 aJeyamohan,S 0aIlakkiya uraiyadalkal aChennaibanyindian Pathippagamc2006 a286 p ., a Ayal kural amarabin kural amuthal kural